000 00902nam a22003017a 4500
003 CHAP
005 20220329143812.0
008 110909s1976 mx r 00010 spa d
010 _a102072
011 _a103044
035 _a113733
040 _cCHAP
082 0 4 _a863.4
_bL95 1976
100 0 0 _aLópez Portillo Pacheco, José.
_968239
245 1 0 _aDon Q
_c/por José López Portillo Pacheco
250 _a3 ed.
260 _aMéxico, D.F. :
_bIEPES,
_c1976
300 _a151 p.
590 _aBATCH-UPD
_b10
_c20130110
_lUCH01
_h1923
590 _aBATCH-UPD
_b10
_c20130410
_lUCH01
_h1016
590 _aBATCH-UPD
_b10
_c20130914
_lUCH01
_h1727
590 _aCONVERSION
_b10
_c20130109
_lUCH01
_h1356
650 1 4 _aLiteratura mexicana.
_967138
650 1 4 _aNovela mexicana.
_982025
901 _aBK
942 _cLIBRO
949 _a860 L95 1976
_bBC
_cLIBRO
_d33724002307074
_eLIBRO
_h115757
_i113733
_so
999 _c102072
_d102072